Poétiques de la durée / (notice nᵒ 703)
[ vue normale ]
| 000 -LEADER | |
|---|---|
| fixed length control field | 01914 a2200301 4500 |
| 001 - CONTROL NUMBER | |
| control field | OB-pub-7560 |
| 003 - CONTROL NUMBER IDENTIFIER | |
| control field | FrMaCLE |
| 005 - DATE AND TIME OF LATEST TRANSACTION | |
| control field | 20251214082529.0 |
| 007 - PHYSICAL DESCRIPTION FIXED FIELD--GENERAL INFORMATION | |
| fixed length control field | cu ||||||m|||| |
| 008 - FIXED-LENGTH DATA ELEMENTS--GENERAL INFORMATION | |
| fixed length control field | 190306e||||||||xx |||||s|||||||||0|fr|d |
| 020 ## - INTERNATIONAL STANDARD BOOK NUMBER | |
| International Standard Book Number | 979-10-300-0421-2 |
| 024 7# - OTHER STANDARD IDENTIFIER | |
| Standard number or code | 10.4000/books.pub.7560 |
| Source of number or code | doi |
| 040 ## - CATALOGING SOURCE | |
| Original cataloging agency | FR-FrMaCLE |
| 041 ## - LANGUAGE CODE | |
| Language code of text/sound track or separate title | fra |
| 100 1# - MAIN ENTRY--PERSONAL NAME | |
| Personal name | Braud, Michel |
| 245 10 - TITLE STATEMENT | |
| Title | Poétiques de la durée / |
| Statement of responsibility, etc. | Michel Braud. |
| 260 ## - PUBLICATION, DISTRIBUTION, ETC. | |
| Place of publication, distribution, etc. | Pessac : |
| Name of publisher, distributor, etc. | Presses Universitaires de Bordeaux, |
| Date of publication, distribution, etc. | 2019. |
| 300 ## - PHYSICAL DESCRIPTION | |
| Extent | 201 p. |
| 500 ## - GENERAL NOTE | |
| General note | Ebook |
| 520 ## - SUMMARY, ETC. | |
| Summary, etc. | Prêter attention à la durée dans la littérature peut apparaître inattendu. Est-elle davantage, pour le roman, qu'un outil d'analyse narratologique ? Et plus largement le motif de l'instant n'a-t-il pas davantage d'intérêt, comme le montrent les études auquel il a donné lieu au cours des dernières années ? Ce volume voudrait montrer que, au-delà de ces représentations, la durée, entendue comme segment de temps limité et comme continuation indéfinie, est une notion centrale de la littérature de la modernité : du roman, du journal intime, mais aussi de la poésie. Elle conduit à s'interroger sur la représentation de l'existence humaine, entre grandeur et banalité. Elle pose la question du récit : comment le romancier peut-il figurer le flux du temps, sans trame ni repères, tout en écrivant encore un récit ? Et finalement, quel que soit le genre, elle constitue l'une des expériences centrales du sujet moderne, l'expérience d'un temps partagé et pourtant intime, celle d'un deuil à venir informulable. |
| 540 ## - TERMS GOVERNING USE AND REPRODUCTION NOTE | |
| Terms governing use and reproduction | OpenEdition Books License |
| Uniform Resource Identifier | <a href="https://www.openedition.org/12554">https://www.openedition.org/12554</a> |
| 650 #4 - SUBJECT ADDED ENTRY--TOPICAL TERM | |
| Topical term or geographic name entry element | Literature |
| Topical term or geographic name entry element | littérature française |
| Topical term or geographic name entry element | temps |
| Topical term or geographic name entry element | XXe siècle |
| 776 ## - ADDITIONAL PHYSICAL FORM ENTRY | |
| International Standard Book Number | 978-2-86781-615-4 |
| 856 4# - ELECTRONIC LOCATION AND ACCESS | |
| Data provenance | Braud, Michel |
| Uniform Resource Identifier | <a href="https://books.openedition.org/pub/7560">https://books.openedition.org/pub/7560</a> |
| Link text | Poétiques de la durée |
Pas d'exemplaire disponible.
